01542naa a2200205 i 4500001000400000003000400004005001700008008003900025040000800064041000800072044000800080100012600088245012000214260001000334500011700344520073400461655003001195711005901225773005201284BPPBPK20180427091614.0151112s2000 pl f |100 0 eng cBPK aeng aPOL aSUSZYŃSKI, Zbigniew.d1996 - .bPolitechnika Koszalińska - Wydział Elektroniki,cKatedra Elektroniki Ciała Stałego aPhotoacoustic amplitude method of determining of the thermal diffusivity of non-opaque materials /cZ. Suszyński. c2000. akopia dokumentu (Informator o publikowanych wynikach prac naukowo-badawczych w roku 2000 Wydziału Elektroniki). aThe fast and simple photoacoustic method of measuring the thermal diffusivity of optically non-opaque solid-state meterials is presented. The methods is based on the measuring of the photoacoustic signal amplitude for the illumination of the front and rear surfaces. On the basis of this the ratio of the amplitudes of both photoacoustic signal versus frequency is evaluated. Comparing it with the theoretical characteristics makes possible the calculation of thermal diffusivity coefficient. It is calculated on the basis of the fitting of the experimantal ratio amplitude characteristic with the pattern ones. Experimental results illustrating the procedure are presented and discussed for the Hysol MG-40F-R and stained glass. 0aMateriały konferencyjne. aTherminic Workshopn(6 ;d2000 ;cBudapeszt, Węgry). iW :tVI Therminic Workshop. -g2000, s. 116-119